Statistics for Footballers by Picture 4

Click here to take the quiz!

General Stats

  • This quiz has been taken 219 times
  • The average score is 12 of 16

Answer Stats

Answer% Correct
Hugo Lloris
92%
Marcus Rashford
91%
Gerard Pique
89%
Romelu Lukaku
89%
Edinson Cavani
88%
TAA
87%
Ousmane Dembele
84%
Alphonso Davies
82%
Jamie Vardy
82%
Roberto Firmino
82%
Serge Gnabry
73%
Ansu Fati
72%
David Alaba
70%
Lautaro Martinez
65%
Leon Goretzka
62%
Ciro Immobile
32%

Score Distribution

Percentile by Number Answered

Percent of People with Each Score

Your Score History

You have not taken this quiz